000 00402nam a2200193Ia 4500
001 11557
003 GE_BSU
008 181216s||||||||xx |||||||||||||| ||und||
020 _a9780007639472
040 _cGE_BSU
100 _aPelzer,Dave
245 _aHelp Yourself
260 _aLondon
260 _bTed Smart
260 _c2001
300 _a218p;20cm.
653 _aHelp Yourself
942 _cBK
999 _c44752
_d44752